000 01738nam0a2200409 4500
001 RU\NLR\bibl\1110372
005 20250615061321.0
010 _a5-98699-003-X
_91000
021 _aRU
_b2007-37840
_92021
035 _a(NLR Aleph) 001097415
090 _a1156689
_c1156689
100 _a20070717d2006 |||y0rusy50 ca
101 0 _arus
102 _aRU
105 _aa |||||||||
200 1 _aДоступность качественного общего образования: возможности и ограничения
_fД. Константиновский, В. Вахштайн, Д. Куракин, Я. Рощина
210 _aМосква
_cУниверситетская книга
_d2006
215 _a205 с.
_cил.
_d21
225 1 _aАктуальные вопросы развития образования
320 _aБиблиогр.: с. 203-205 (41 назв.)
333 _a18+
606 1 _aОбразование
_yРоссийская Федерация
_92296847
_3RU\NLR\auth\661375304
686 _aЧ34(2Р)
701 1 _aКонстантиновский
_bД. Л.
_gДавид Львович
_4070
701 1 _aВахштайн
_bВ. С.
_f1981-
_gВиктор Семенович
_4070
701 1 _aКуракин
_bД. Ю.
_gДмитрий Юрьевич
_4070
701 1 _aРощина
_bЯ. М.
_gЯна Михайловна
_4070
801 0 _aRU
_bNLR
_c20070717
_gRCR
801 1 _aRU
_bNLR
_c20070717
830 _aАвт. по кн
942 _cBOOK
980 _aNB
980 _aIA
996 _aиноагент
_bp
_cВахштайн Виктор Семенович
996 _aиноагент
_bp
_cВахштайн Виктор Семенович